00694nam a22002297a 4500003000400000008004100004020001800045082002000063100002000083245010400103260004600207300001800253650002700271650001300298650001500311650003000326650002800356650001800384650002700402650001500429700002000444OSt260303b2023 |||||||| |||| 00| 0 eng d a9781647824761 a658.4022bANC-X aAncona, Deborah aX - teams :bhow to build teams that lead innovate and succeed /cDeborah Ancona and Henrik Bresman aBoston :bHarvard Business Review,c2023. axvi, 195 p. ; aTeams in the workplace aTeamwork aLeadership aOrganizational innovation aOrganizational behavior aCollaboration aHigh performance teams aManagement aBresman, Henrik